TV and Movies General Knowledge #1 - Statistics

General Stats
  • This quiz has been taken 380 times
  • The average score is 8 of 20
Answer Stats
Hint Answer % Correct
"Im going to make him an offer he can't refuse" is a famous quote from what movie? The Godfather
79%
A 1998 movie which follows a unit of men through Germany to find one man Saving Private Ryan
76%
Billionaire industrailist turned Marvel superhero Iron Man
73%
Longest running English speaking cartoon TV show The Simpsons
69%
TV show in which the main protagonist wakes up in an Apocalyptic world The Walking Dead
57%
Twenty year old Heath Ledger's break-out movie with Julie Stiles 10 things I hate about you
55%
Woody Harrelson and Wesley Snipes star in this well-known Basketbakll movie White Men can't Jump
51%
A Polish Jewish musician struggles to survive the destruction of the Warsaw ghetto of World War II. The Pianist
50%
Highest rated on IMDb's Top 250 movies The Shawshank Redemption
42%
What movie is this famous quote from 'Get to the Choppa' Predator
37%
Historical Birmingham based crime drama TV show Peaky Blinders
36%
A reporter is assigned to decipher newspaper magnate Charles Foster Kane's dying words Citizen Kane
33%
Charlie Babbitt and Raymond travel the country to collect their inheritance Rain Man
33%
A congressman works with his equally conniving wife to exact revenge on the people who betrayed him House of Cards
32%
Former Marine sniper finds himself on the run and seeks revenge on those who double-crossed him. Shooter
26%
Five armies battle it out for the ownership of the lonely mountain The Hobbit: The Battle of the Five Armies
19%
A comedy double sketch during the early classical Hollywood era. Consisted of an Englishman and American Laurel and Hardy
17%
Two brothers work with a number of diverse criminals to beat the justice system Prison Break
14%
Loosely based on the life of Walter O'Brien and his team of highly intellectual beings Scorpion
12%
Indistructable after a visit to mars. Captain Scarlet and the Mysterons
2%
No matching quizzes found
Score Distribution
Percent of People with Each Score
Percentile by Number Answered
Your Score History
You have not taken this quiz